00611nam a2200229Ia 4500003000400000005001700004006001800021007000300039008004100042024001100083037001200094040002000106041001300126082001800139100001900157245009000176260002900266300001900295490002500314500001900339650002300358OSt20220918182215.0a|||||r|||| 00| 0ta220917b |||||||| |||| 00| 0 eng d a31,243 cTextual aARTScARTSbeng 2engaeng aO111,6L09, L1 aJohnson Samuel 0aHistory of Rasselas b prince of Abissinia ed by Geoffrey Tillotson and Brian Jenkins aLondonbOUP c1971 axxx,145p.ccm. aOxford english novel abib pxxv-xxvii aENGLISH LITERATURE